[Event "2019 Winter Server Series, S91006"]
[Site "CCLA"]
[Date "2019.02.23"]
[Round "?"]
[White "Dolan, Bruce"]
[Black "Strelecky, Rich"]
[Result "0-1"]
[WhiteElo "1690"]
[BlackElo "1694"]

1. e4 e5 2. Nf3 Nf6 3. Nc3 Nc6 4. Bb5 Bb4 5. O-O O-O 6. Bxc6 dxc6 7. a3 
Bxc3 8. dxc3 Qxd1 9. Rxd1 Bg4 10. Rd3 Rfe8 11. Re3 Bxf3 12. Rxf3 Nxe4 13. 
Rd3 Nc5 14. Rd1 Rad8 15. Be3 Rxd1+ 16. Rxd1 Na4 17. h3 b6 18. Bc1 Nc5 19. 
f3 a5 20. Kf2 a4 21. Be3 Ne6 22. g4 g6 23. Rd7 Rd8 24. Rxd8+ Nxd8 25. Bg5 
Ne6 26. Bf6 e4 27. fxe4 b5 28. h4 h5 29. gxh5 gxh5 30. Ke3 Kh7 31. b3 axb3
32. cxb3 Kg6 33. Be7 c5 34. c4 bxc4 35. bxc4 f6 36. a4 Kf7 37. Bxc5 Nxc5 
38. a5 Ke6 39. Kf4 c6 40. Kf3 Ke5 41. Ke3 Nxe4 42. a6 Nd6 43. Kd3 Nc8 0-1

[Event "2019 Winter Server Series, S91006"]
[Site "CCLA"]
[Date "2019.02.23"]
[Round "?"]
[White "Dolan, Bruce"]
[Black "Catania, Duane"]
[Result "1-0"]
[WhiteElo "1690"]
[BlackElo "1648"]

1. e4 e6 2. Nf3 d5 3. Nc3 Nf6 4. Ne2 dxe4 5. Nfg1 Bc5 6. Nc3 e5 7. d3 exd3
8. Bxd3 Nc6 9. Nf3 O-O 10. O-O Bg4 11. h3 Bh5 12. Ne4 Nxe4 13. Bxe4 Qe7 
14. Qd3 Bg6 15. Bxg6 hxg6 16. Ng5 Nd4 17. Ne4 Bb6 18. Be3 Rad8 19. Bg5 f6 
20. Bd2 Qe6 21. Rfe1 a6 22. c4 Qf5 23. c5 Ba7 24. Rac1 Kh7 25. Qc4 g5 26. 
Qb4 b6 27. Qa4 Qc8 28. cxb6 Bxb6 29. Be3 g4 30. h4 Nf3+ 31. gxf3 gxf3 32. 
Ng3 Bd4 33. Qc2+ f5 34. Bxd4 Rxd4 35. Rxe5 Rg4 36. Qd3 Kh8 37. Qa3 Qd8 
38. Qxf3 Qxh4 39. Rxf5 Rxf5 40. Qxf5 a5 41. Re1 Rxg3+ 42. fxg3 Qxg3+ 43. Kf1 
1-0

[Event "Winter Server Series, S91007"]
[Site "CCLA"]
[Date "2019.02.23"]
[Round "?"]
[White "Kleine, Larry"]
[Black "Smail, John"]
[Result "1-0"]
[WhiteElo "1627"]
[BlackElo "1608"]

1. d4 e6 2. c4 f5 3. Nc3 Nf6 4. e3 b6 5. Bd3 Bb7 6. f3 g6 7. Nge2 Bg7 8. 
O-O O-O 9. e4 c5 10. Bg5 cxd4 11. Nxd4 h6 12. Be3 a6 13. exf5 gxf5 14. Qd2
Kh7 15. g4 Rg8 16. gxf5 Bf8+ 17. Kh1 e5 18. Nde2 Qe8 19. Bxb6 Qh5 20. Ne4 
Nxe4 21. fxe4 Qg4 22. Ng3 h5 23. Qe2 1-0

[Event "Winter Server Series, S91007"]
[Site "CCLA"]
[Date "2019.02.23"]
[Round "?"]
[White "Kleine, Larry"]
[Black "Regan, David"]
[Result "0-1"]
[WhiteElo "1627"]
[BlackElo "1606"]

1. d4 d5 2. c4 c6 3. Nf3 Nf6 4. e3 Bg4 5. Qb3 Qb6 6. Ne5 Bf5 7. cxd5 Qxb3 
8. axb3 Nxd5 9. Na3 f6 10. Nd3 Nd7 11. f3 Bxd3 12. Bxd3 e5 13. dxe5 Nxe5 
14. Be4 O-O-O 15. Ke2 Bc5 16. Rd1 Rhe8 17. Bd2 Kb8 18. Nc2 Nc7 19. Bxh7 
Rh8 20. Bf5 Rxh2 21. Bh3 Rh8 22. Kf2 R8xh3 0-1

[Event "Winter Server Series, S91007"]
[Site "CCLA"]
[Date "2019.02.23"]
[Round "?"]
[White "Kleine, Larry"]
[Black "Anderson II, Dale"]
[Result "1/2-1/2"]
[WhiteElo "1627"]
[BlackElo "1649"]

1. d4 Nf6 2. c4 g6 3. Nc3 Bg7 4. e4 d6 5. Nf3 O-O 6. Be2 e5 7. d5 Na6 8. 
Nd2 Ne8 9. a3 c5 10. h4 f5 11. h5 Nac7 12. hxg6 hxg6 13. b4 b6 14. Nb3 Nf6
15. Bg5 Qd7 16. Bxf6 Bxf6 17. bxc5 dxc5 18. Qd2 Ne8 19. Qh6 Qg7 20. Qxg7+ 
Kxg7 21. Bd3 1/2-1/2

[Event "Winter Server Series, S91007"]
[Site "CCLA"]
[Date "2019.02.23"]
[Round "?"]
[White "Smail, John"]
[Black "Kleine, Larry"]
[Result "1-0"]
[WhiteElo "1608"]
[BlackElo "1627"]

1. d4 Nf6 2. Bg5 d5 3. Bxf6 exf6 4. e3 Bd6 5. g3 c6 6. Nd2 O-O 7. Bg2 f5 
8. Ne2 Nd7 9. O-O Nf6 10. c4 dxc4 11. Nxc4 Bc7 12. Qc2 Qe7 13. a3 Be6 14. 
b4 Rad8 15. Rfc1 g6 16. Nb2 a6 17. Nd3 Bd5 18. Nc5 Bb6 19. Nf4 Bxg2 20. 
Kxg2 Ne4 21. Qe2 a5 22. Nxe4 fxe4 23. bxa5 Bxa5 24. d5 cxd5 25. Qb5 Bd2 
26. Rc2 Qe5 27. Rd1 Bc3 28. Rxd5 Rxd5 29. Nxd5 Be1 30. Rc7 Re8 31. Qxe8+ 
1-0

[Event "Winter Server Series, S91007"]
[Site "CCLA"]
[Date "2019.02.23"]
[Round "?"]
[White "Smail, John"]
[Black "Regan, David"]
[Result "1/2-1/2"]
[WhiteElo "1608"]
[BlackElo "1606"]

1. d4 d5 2. Bg5 h6 3. Bh4 c5 4. dxc5 g5 5. Bg3 Bg7 6. c3 Na6 7. e4 dxe4 8.
 Qxd8+ Kxd8 9. Bxa6 bxa6 10. f4 f5 11. Na3 e5 12. O-O-O+ Ke8 13. fxe5 f4 
14. Be1 Bxe5 15. Nc4 Bc7 16. Nd6+ Bxd6 17. Rxd6 Bb7 18. c6 Bc8 19. h4 Ke7 
20. Rd4 Bf5 21. hxg5 Rc8 22. gxh6 Rxc6 23. Ne2 Rcxh6 24. Rxh6 Rxh6 25. 
Nxf4 Rh1 26. Kd2 e3+ 27. Kd1 Bg4+ 28. Ne2 Nf6 29. Rd3 Rg1 30. c4 Rxg2 31. 
Bb4+ Kf7 32. Rxe3 Rxe2 33. Rxe2 Nd7 34. Kd2 Bxe2 35. Kxe2 Ke8 36. Ke3 Kd8 
37. Kd4 Kc7 38. Ba5+ Kc6 39. b4 Nb8 40. a4 Kd6 41. b5 axb5 42. axb5 a6 43.
 Bb4+ 1/2-1/2

[Event "Winter Server Series, S91007"]
[Site "CCLA"]
[Date "2019.02.23"]
[Round "?"]
[White "Smail, John"]
[Black "Anderson II, Dale"]
[Result "1/2-1/2"]
[WhiteElo "1608"]
[BlackElo "1649"]

1. d4 Nf6 2. Nf3 g6 3. Bg5 Bg7 4. Nbd2 d5 5. e3 O-O 6. Bd3 c5 7. c3 cxd4 
8. exd4 Qb6 9. Qb3 Qxb3 10. axb3 Bf5 11. Bxf5 gxf5 12. O-O Nc6 13. b4 a6 
14. Nb3 Ne4 15. Bf4 e6 16. Nfd2 Nxd2 17. Nxd2 e5 18. dxe5 Bxe5 19. Bh6 Bg7
20. Bxg7 Kxg7 21. Nf3 Rfe8 22. Rfe1 Kf6 23. Rad1 Rxe1+ 24. Nxe1 Rd8 25. 
Nc2 Ke5 26. Nd4 Kf6 27. f3 Rd7 28. Kf2 Nxd4 29. Rxd4 Rd6 30. Rh4 Kg6 31. 
Ke3 f6 32. b3 Rb6 33. g4 fxg4 34. Rxg4+ Kf7 35. Rh4 1/2-1/2

[Event "Winter Server Series, S91007"]
[Site "CCLA"]
[Date "2019.02.23"]
[Round "?"]
[White "Regan, David"]
[Black "Kleine, Larry"]
[Result "1/2-1/2"]
[WhiteElo "1606"]
[BlackElo "1627"]

1. d4 Nf6 2. c4 g6 3. Nc3 d5 4. cxd5 Nxd5 5. e4 Nxc3 6. bxc3 Bg7 7. Nf3 c5
8. Be3 Qa5 9. Qd2 O-O 10. Rc1 Rd8 11. d5 e6 12. Bg5 f6 13. Be3 Nc6 14. Bd3
b6 15. O-O Ba6 16. Be2 Qa4 17. c4 Na5 18. Qc2 Qxc2 19. Rxc2 e5 20. Nd2 Nb7
21. Bd3 Nd6 22. f3 Bc8 23. Rb1 Bd7 24. Rcb2 f5 25. Rf1 f4 26. Bf2 Kf7 27. 
Nb1 Bf8 28. Nc3 Rab8 29. Rfb1 Rb7 30. a4 Rdb8 31. Nb5 Nxb5 32. axb5 Bd6 
33. Ra1 1/2-1/2

[Event "Winter Server Series, S91007"]
[Site "CCLA"]
[Date "2019.02.23"]
[Round "?"]
[White "Regan, David"]
[Black "Smail, John"]
[Result "1-0"]
[WhiteElo "1606"]
[BlackElo "1608"]

1. d4 e6 2. c4 f5 3. Nc3 Nf6 4. e3 Bb4 5. Qc2 O-O 6. Bd3 c5 7. a3 Bxc3+ 8.
 Qxc3 d6 9. Ne2 b6 10. O-O Bb7 11. f3 Nc6 12. b3 Qd7 13. Bb2 Rae8 14. Rad1
cxd4 15. exd4 d5 16. c5 Kh8 17. b4 e5 18. dxe5 Nxe5 19. Bb1 Nc4 20. Nd4 
Ne3 21. c6 Bxc6 22. Qxc6 Nxd1 23. Qxd7 Nxd7 24. Rxd1 1-0

[Event "Winter Server Series, S91007"]
[Site "CCLA"]
[Date "2019.02.23"]
[Round "?"]
[White "Regan, David"]
[Black "Anderson II, Dale"]
[Result "1/2-1/2"]
[WhiteElo "1606"]
[BlackElo "1649"]

1. d4 Nf6 2. c4 g6 3. Nc3 Bg7 4. e4 d6 5. Be2 O-O 6. Bg5 c5 7. d5 h6 8. 
Bf4 e6 9. dxe6 Bxe6 10. Qd2 Qb6 11. Nf3 Nc6 12. O-O Nd4 13. Nxd4 cxd4 14. 
Nd5 Bxd5 15. exd5 Ne4 16. Qc2 Rae8 17. Rae1 Nc5 18. b3 a5 19. Bd3 Nxd3 20.
 Qxd3 Qc7 21. Bc1 Qd7 22. Bb2 Rxe1 23. Rxe1 Re8 24. Rd1 Qe7 25. g3 Qe2 26.
 Qd2 a4 27. Bxd4 Qxd2 28. Rxd2 Bxd4 29. Rxd4 Re2 30. bxa4 Rc2 31. a3 b6 
32. Rd3 Rxc4 33. Rb3 Rxa4 34. Rxb6 Rxa3 35. Rxd6 Kf8 36. Rb6 Rd3 37. Rb5 
h5 38. Rb8+ Ke7 39. Rb7+ Kf8 40. Rb8+ 1/2-1/2

[Event "Winter Server Series, S91007"]
[Site "CCLA"]
[Date "2019.02.23"]
[Round "?"]
[White "Anderson II, Dale"]
[Black "Kleine, Larry"]
[Result "1-0"]
[WhiteElo "1649"]
[BlackElo "1627"]

1. e4 e5 2. Nf3 Nc6 3. Bb5 a6 4. Ba4 Nf6 5. d3 d6 6. c3 g6 7. O-O Bg7 8. 
Nbd2 O-O 9. Re1 b5 10. Bc2 Re8 11. Nf1 d5 12. Qe2 d4 13. h3 Bb7 14. Ng3 
Qe7 15. a3 Nd7 16. Bg5 f6 17. Bd2 Nb6 18. b4 Rad8 19. cxd4 Nxd4 20. Nxd4 
Rxd4 21. Be3 Rd6 22. Bc5 1-0

[Event "Winter Server Series, S91007"]
[Site "CCLA"]
[Date "2019.02.23"]
[Round "?"]
[White "Anderson II, Dale"]
[Black "Smail, John"]
[Result "1-0"]
[WhiteElo "1649"]
[BlackElo "1608"]

1. e4 e6 2. d4 d5 3. Nc3 Nf6 4. e5 Nfd7 5. f4 c5 6. Nf3 Nc6 7. Be3 a6 8. 
dxc5 Bxc5 9. Bxc5 Nxc5 10. Bd3 O-O 11. Bxh7+ Kh8 12. Ng5 g6 13. Qg4 Kg7 
14. Nxf7 Kxf7 15. Qxg6+ Ke7 16. Qh6 Kd7 17. Nxd5 exd5 18. Qd6+ 1-0

[Event "Winter Server Series, S91007"]
[Site "CCLA"]
[Date "2019.02.23"]
[Round "?"]
[White "Anderson II, Dale"]
[Black "Regan, David"]
[Result "1-0"]
[WhiteElo "1649"]
[BlackElo "1606"]

1. e4 c6 2. d4 d5 3. exd5 cxd5 4. c4 Nf6 5. Nc3 g6 6. Qb3 Bg7 7. cxd5 O-O 
8. Be2 Nbd7 9. Bf3 Nb6 10. Bf4 Bf5 11. Rd1 Qd7 12. h3 h5 13. Nge2 Rfd8 14.
 O-O Rac8 15. d6 exd6 16. Ng3 Rc4 17. Bg5 Rdc8 18. Be2 Be6 19. d5 Bxh3 20.
 Bxc4 Rxc4 21. Bxf6 Bxf6 22. Nce4 Be5 23. gxh3 Qxh3 24. f4 Bd4+ 25. Rxd4 
Rxd4 26. Ng5 Qg4 27. Qe3 1-0

[Event "Winter Server Series, S91008"]
[Site "CCLA"]
[Date "2019.02.23"]
[Round "?"]
[White "Perry, William E."]
[Black "Vecchio, Ralph"]
[Result "0-1"]
[WhiteElo "1554"]
[BlackElo "1546"]

1. d4 d5 2. Bf4 e6 3. e3 Nf6 4. c3 Nbd7 5. Nd2 Be7 6. Bd3 c5 7. Ngf3 b6 8.
 e4 dxe4 9. Nxe4 O-O 10. Nd6 Qc7 11. Nxc8 Qxc8 12. O-O c4 13. Bc2 b5 14. 
Ne5 Nxe5 15. Bxe5 h5 16. Bxf6 Bxf6 17. Qxh5 g6 18. Qf3 Kg7 19. Be4 Rb8 20.
 Rfd1 Qc7 21. d5 Qe5 22. dxe6 Qxe6 23. Re1 Qd6 24. Rad1 Qc7 25. Re3 Rb6 
26. Qg3 Qxg3 27. Rxg3 Ra6 28. a3 Re6 29. Bf3 Rd8 30. Rxd8 Re1# 0-1

[Event "Winter Server Series, S91008"]
[Site "CCLA"]
[Date "2019.02.23"]
[Round "?"]
[White "Perry, William E."]
[Black "Hadley, Douglas R."]
[Result "0-1"]
[WhiteElo "1554"]
[BlackElo "1612"]

1. d4 Nf6 2. Bf4 d5 3. e3 c5 4. c3 Nc6 5. Nd2 Bf5 6. Ngf3 e6 7. Qb3 Qc8 8.
 Bb5 a6 9. Bxc6+ bxc6 10. O-O c4 11. Qa4 Nd7 12. Ne5 Nxe5 13. Bxe5 f6 14. 
Bg3 Be7 15. Rfe1 O-O 16. e4 Bg6 17. exd5 cxd5 18. Re3 Be8 19. Qd1 Bg6 20. 
Qf3 a5 21. Qf4 Qc6 22. Qc7 Qxc7 23. Bxc7 Kf7 24. Rae1 Ra6 25. b3 Rc8 26. 
Bg3 Bd3 27. h3 Ba3 28. Nb1 Bf8 29. Nd2 g6 30. f4 Bh6 31. Bh2 Rcc6 32. g4 
Bf8 33. f5 gxf5 34. gxf5 Bxf5 35. Rf1 Bh6 36. Ref3 Bxd2 0-1

[Event "Winter Server Series, S91008"]
[Site "CCLA"]
[Date "2019.02.23"]
[Round "?"]
[White "Perry, William E."]
[Black "Moujan, Pablo"]
[Result "1-0"]
[WhiteElo "1554"]
[BlackElo "1409"]

1. d4 Nf6 2. Bf4 g6 3. Nc3 Bg7 4. e4 d6 5. Nf3 O-O 6. Qd2 Nc6 7. d5 e5 8. 
Bh6 Nd4 9. Bxg7 Nxf3+ 10. gxf3 Kxg7 11. O-O-O Bd7 12. h4 h5 13. f4 Ng4 14.
 fxe5 Nxe5 15. f4 Nf3 16. Qf2 Bg4 17. Be2 Qf6 18. Qe3 Nxh4 19. Rdg1 Bxe2 
20. Nxe2 c6 21. dxc6 bxc6 22. Qg3 Rab8 23. Nc3 Qd4 24. Rxh4 Rxb2 25. Kxb2 
Rb8+ 26. Kc1 Qb4 27. Rxh5 Qa3+ 28. Kd2 Qb4 29. Qd3 d5 30. Rb1 Qd6 31. Rxb8
Qxf4+ 32. Qe3 1-0

[Event "Winter Server Series, S91008"]
[Site "CCLA"]
[Date "2019.02.23"]
[Round "?"]
[White "Vecchio, Ralph"]
[Black "Perry, William E."]
[Result "1-0"]
[WhiteElo "1546"]
[BlackElo "1554"]

1. e4 d5 2. exd5 Qxd5 3. Nc3 Qd6 4. d4 Nf6 5. Nf3 c6 6. h3 Bf5 7. Bd3 Bxd3
8. Qxd3 e6 9. Ne5 Nbd7 10. Bf4 Nxe5 11. Bxe5 Qd7 12. O-O-O Be7 13. f4 
O-O-O 14. g4 Ne8 15. f5 exf5 16. gxf5 f6 17. Bg3 Bd6 18. Bf2 Bf4+ 19. Kb1 
Nd6 20. d5 Qxf5 21. dxc6 Qxd3 22. cxb7+ Kxb7 23. Rxd3 a6 24. Rg1 Bh6 25. 
Re1 Nf7 26. Re7+ 1-0

[Event "Winter Server Series, S91008"]
[Site "CCLA"]
[Date "2019.02.23"]
[Round "?"]
[White "Vecchio, Ralph"]
[Black "Hadley, Douglas R."]
[Result "0-1"]
[WhiteElo "1546"]
[BlackElo "1612"]

1. d4 d5 2. Nf3 Nf6 3. e3 e6 4. Bd3 c5 5. c3 Nc6 6. O-O Bd6 7. Nbd2 O-O 8.
 Qc2 e5 9. dxe5 Nxe5 10. Nxe5 Bxe5 11. Nf3 Bc7 12. h3 h6 13. Rd1 Be6 14. 
b3 Qe7 15. Bb2 Rad8 16. Ba3 Bd6 17. c4 Qc7 18. Bb2 Be7 19. Be5 Qc8 20. Nh2
Nd7 21. Bg3 Nf6 22. Nf3 Rfe8 23. Ne5 d4 24. Bh4 dxe3 25. fxe3 Qc7 26. Bxf6
Bxf6 27. Nxf7 Bxf7 28. Rab1 Rxe3 29. Bh7+ Kf8 30. Qf2 Rxd1+ 31. Rxd1 Bd4 
32. Rxd4 cxd4 33. Qd2 Qe5 34. Qb4+ Qe7 35. Qxe7+ Kxe7 36. Kf2 g6 0-1

[Event "Winter Server Series, S91008"]
[Site "CCLA"]
[Date "2019.02.23"]
[Round "?"]
[White "Vecchio, Ralph"]
[Black "Moujan, Pablo"]
[Result "1-0"]
[WhiteElo "1546"]
[BlackElo "1409"]

1. e4 c5 2. Nf3 g6 3. c4 Nc6 4. d4 cxd4 5. Nxd4 Bg7 6. Be3 Nf6 7. Nc3 O-O 
8. Be2 d6 9. O-O Bd7 10. Qd2 Nxd4 11. Bxd4 Bc6 12. f3 Nd7 13. Bxg7 Kxg7 
14. Rad1 Qc7 15. f4 Rad8 16. Rf3 Nf6 17. Qe3 e5 18. Rg3 b6 19. f5 Qb7 20. 
Rh3 Nxe4 21. Qh6+ Kf6 22. Qh4+ Ng5 23. Nd5+ Bxd5 24. cxd5 Rc8 25. Rg3 h6 
26. Qxh6 Ne4 27. Qh4+ Ng5 28. Qxg5+ Kg7 29. f6+ Kg8 30. Qh6 1-0

[Event "Winter Server Series, S91008"]
[Site "CCLA"]
[Date "2019.02.23"]
[Round "?"]
[White "Hadley, Douglas R."]
[Black "Perry, William E."]
[Result "1-0"]
[WhiteElo "1612"]
[BlackElo "1554"]

1. e4 d5 2. exd5 Qxd5 3. Nc3 Qd6 4. d4 Nf6 5. Nf3 Bg4 6. h3 Bh5 7. g4 Bg6 
8. Ne5 c6 9. Bg2 e6 10. h4 Nbd7 11. Nxd7 Qxd7 12. h5 Bxc2 13. Qxc2 Qxd4 
14. f3 Bc5 15. Qe2 O-O 16. Bd2 Rfd8 17. O-O-O Qf2 18. Qxf2 Bxf2 19. Bg5 
Rxd1+ 20. Rxd1 Nd5 21. Nxd5 cxd5 22. Rd2 Bb6 23. Rc2 f6 24. Bd2 Rd8 25. f4
e5 26. fxe5 fxe5 27. Bg5 Rd7 28. Rd2 d4 29. Be4 a6 30. Bh4 Bc5 31. Rd3 b5 
32. a3 Rc7 33. Kd2 b4 34. Rf3 bxa3 35. Bd5+ Kh8 36. bxa3 Bd6 37. Bg3 g6 
38. h6 Rc5 39. Bxe5+ 1-0

[Event "Winter Server Series, S91008"]
[Site "CCLA"]
[Date "2019.02.23"]
[Round "?"]
[White "Hadley, Douglas R."]
[Black "Vecchio, Ralph"]
[Result "1-0"]
[WhiteElo "1612"]
[BlackElo "1546"]

1. e4 e5 2. Nf3 Nc6 3. Bb5 a6 4. Ba4 Nf6 5. O-O b5 6. Bb3 Be7 7. d4 d6 8. 
c3 Bb7 9. Re1 O-O 10. Nbd2 exd4 11. cxd4 Na5 12. Bc2 c5 13. Nf1 cxd4 14. 
Nxd4 Nc4 15. b3 Ne5 16. f4 Nc6 17. Nxc6 Qb6+ 18. Nd4 Ng4 19. Qxg4 Qxd4+ 
20. Be3 Qf6 21. Ng3 Bc8 22. Qf3 Rb8 23. Rad1 Bb7 24. Nf5 Rbc8 25. Rd2 Qxf5
26. exf5 Bxf3 27. gxf3 f6 28. Be4 Rc7 29. Bd5+ Kh8 30. Kf2 Rfc8 31. Be6 
Rd8 32. Bb6 1-0

[Event "Winter Server Series, S91008"]
[Site "CCLA"]
[Date "2019.02.23"]
[Round "?"]
[White "Hadley, Douglas R."]
[Black "Moujan, Pablo"]
[Result "1-0"]
[WhiteElo "1612"]
[BlackElo "1409"]

1. e4 c5 2. Nf3 g6 3. d4 cxd4 4. Nxd4 Bg7 5. c4 Nc6 6. Be3 Nf6 7. Nc3 O-O 
8. Be2 d6 9. O-O Bd7 10. Qd2 Nxd4 11. Bxd4 Bc6 12. f3 Nd7 13. Be3 a5 14. 
b3 Rb8 15. Rab1 Qc7 16. Rfc1 b6 17. Nd5 Nc5 18. Nxc7 1-0

[Event "Winter Server Series, S91008"]
[Site "CCLA"]
[Date "2019.02.23"]
[Round "?"]
[White "Moujan, Pablo"]
[Black "Perry, William E."]
[Result "0-1"]
[WhiteElo "1409"]
[BlackElo "1554"]

1. c4 e6 2. g3 d5 3. Bg2 c5 4. Nf3 Nc6 5. d4 dxc4 6. Qa4 cxd4 7. Qxc4 Bb4+
8. Bd2 Bxd2+ 9. Nbxd2 e5 10. Ne4 Be6 11. Qb5 Qb6 12. Qxb6 axb6 13. Nd6+ 
Kd7 14. Ne4 Rxa2 15. Rxa2 Bxa2 16. O-O Bd5 17. Nfd2 f5 18. Nc5+ bxc5 19. 
Bxd5 Nf6 20. Ba2 Ra8 21. Bb1 g6 22. Nc4 Kc7 23. e4 dxe3 24. Nxe3 Rd8 25. 
Rc1 b6 26. f3 Rd2 27. b3 Nd4 28. Nc4 Nxf3+ 29. Kf1 Rxh2 30. b4 Rh1+ 0-1

[Event "Winter Server Series, S91008"]
[Site "CCLA"]
[Date "2019.02.23"]
[Round "?"]
[White "Moujan, Pablo"]
[Black "Vecchio, Ralph"]
[Result "1-0"]
[WhiteElo "1409"]
[BlackElo "1546"]

1. c4 Nf6 2. g3 e5 3. Bg2 d5 4. cxd5 Nxd5 5. Nc3 Nc6 6. Nxd5 Be6 7. e4 Nd4
8. Nf3 Bd6 9. Nxd4 exd4 10. Qa4+ c6 11. Nf4 d3 12. Nxe6 fxe6 13. Qd4 Bf8 
14. Qe5 Qd7 15. O-O Bd6 16. Qh5+ g6 17. Qf3 Bc5 18. b3 O-O-O 19. Kh1 h5 
20. Bb2 Rhf8 21. Qd1 Bxf2 22. b4 Qh7 23. Qb3 Qe7 24. b5 c5 25. Be5 Bd4 26.
 Bxd4 Rxf1+ 27. Rxf1 Rxd4 28. e5 b6 29. Qa3 Rd7 30. Qa6+ Kd8 31. Rf6 c4 
32. Rxg6 1-0

[Event "Winter Server Series, S91008"]
[Site "CCLA"]
[Date "2019.02.23"]
[Round "?"]
[White "Moujan, Pablo"]
[Black "Hadley, Douglas R."]
[Result "0-1"]
[WhiteElo "1409"]
[BlackElo "1612"]

1. c4 e5 2. g3 Nf6 3. Bg2 d5 4. cxd5 Nxd5 5. Nc3 Nb6 6. Nf3 Nc6 7. O-O Be7
8. a3 O-O 9. b4 Be6 10. Rb1 f6 11. d3 a5 12. b5 Nb8 13. Nd2 Qc8 14. e3 Rd8
15. Qc2 Bh3 16. d4 Bxg2 17. Kxg2 exd4 18. exd4 Rxd4 19. Nf3 Rd8 20. Qb3+ 
Kf8 21. Bf4 N8d7 22. Rbd1 Nc5 23. Qc2 g6 24. Bh6+ Kf7 25. Nd4 Nd5 26. Nxd5
Rxd5 27. Be3 Rh5 28. h4 Qg4 29. f3 Qc8 30. Nb3 Nxb3 31. Qxb3+ Qe6 32. Qc3 
Bd6 33. Rfe1 Re5 34. f4 Rxb5 35. Bd4 Qf5 36. Qc4+ Qd5+ 37. Qxd5+ Rxd5 38. 
a4 Re8 39. Bc3 Rxd1 40. Rxd1 b6 41. Kf3 Bc5 42. Rd3 Re6 43. g4 Rd6 44. Ke4
Rxd3 45. Kxd3 f5 46. gxf5 gxf5 47. Be5 c6 48. Kc4 h5 49. Bc7 Ke6 50. Bd8 
Kd7 51. Bf6 Bd6 52. Bg5 Be7 0-1

[Event "Winter Server Series, S91009"]
[Site "CCLA"]
[Date "2019.02.23"]
[Round "?"]
[White "Smiley, William R."]
[Black "Lartigue, Jonathan"]
[Result "0-1"]
[WhiteElo "1523"]
[BlackElo "1654"]

1. e4 c5 2. Nf3 d6 3. d4 cxd4 4. Nxd4 Nf6 5. Nc3 a6 6. Bd3 g6 7. f3 Bg7 8.
 Nb3 O-O 9. O-O b5 10. Be3 Nc6 11. a3 Ne5 12. Be2 Nc4 13. Qc1 Nxe3 14. 
Qxe3 Rb8 15. Rad1 Re8 16. Rd3 Qc7 17. Rc1 Bb7 18. Rcd1 Nd7 19. Qd2 Qb6+ 
20. Kh1 Ne5 21. Nd5 Bxd5 22. Rxd5 Nc4 23. Bxc4 bxc4 0-1

[Event "Winter Server Series, S91009"]
[Site "CCLA"]
[Date "2019.02.23"]
[Round "?"]
[White "Haines, John"]
[Black "Lartigue, Jonathan"]
[Result "0-1"]
[WhiteElo "1472"]
[BlackElo "1654"]

1. e4 c5 2. Nf3 d6 3. d4 cxd4 4. Nxd4 Nf6 5. Nc3 a6 6. Bc4 g6 7. O-O Bg7 
8. Re1 O-O 9. h3 b5 10. Bb3 Bb7 11. a3 Nbd7 12. Nf3 Nc5 13. Ba2 Ncxe4 14. 
Bd2 Nxd2 15. Nxd2 e6 16. Rb1 Qb6 17. Kf1 Rac8 18. Nde4 Nxe4 19. Nxe4 d5 
20. Ng3 Qc6 21. f3 a5 22. c3 b4 23. axb4 axb4 24. cxb4 Qa6+ 25. Kg1 Qxa2 
26. Re2 Ba6 27. Rd2 Qc4 28. Ne2 Bh6 0-1

[Event "Winter Server Series, S91009"]
[Site "CCLA"]
[Date "2019.02.23"]
[Round "?"]
[White "Lartigue, Jonathan"]
[Black "Moujan, Pablo"]
[Result "1-0"]
[WhiteElo "1654"]
[BlackElo "1417"]

1. e4 c5 2. Nf3 d6 3. d4 cxd4 4. Nxd4 Nf6 5. f3 e5 6. Bb5+ Nbd7 7. Nb3 a6 
8. Be2 Be7 9. Nc3 O-O 10. a4 b6 11. Be3 Bb7 12. Qd2 Rc8 13. O-O Nc5 14. 
Nxc5 bxc5 15. Rfd1 Qb6 16. b4 Rfd8 17. b5 a5 18. Bc4 Rd7 19. Bg5 Rcd8 20. 
Bxf6 Bxf6 21. Bd5 c4+ 22. Qf2 Qxf2+ 23. Kxf2 Bxd5 24. Nxd5 Bg5 25. b6 Kf8 
26. Rab1 Rb8 27. Rb5 g6 28. Rxa5 f5 29. Rb5 fxe4 30. a5 Rf7 31. a6 exf3 
32. b7 e4 33. a7 Re8 34. b8=Q e3+ 35. Kg3 Rxb8 36. axb8=Q+ Kg7 37. Rb7 f2 
38. Rxf7+ 1-0

[Event "Winter Server Series, S91009"]
[Site "CCLA"]
[Date "2019.02.23"]
[Round "?"]
[White "Lartigue, Jonathan"]
[Black "McLaughlin, Ed"]
[Result "1-0"]
[WhiteElo "1654"]
[BlackElo "1629"]

1. e4 c5 2. Nf3 Nc6 3. d4 cxd4 4. Nxd4 Nf6 5. Nc3 a6 6. Nxc6 dxc6 7. Qxd8+
Kxd8 8. Bf4 Bg4 9. f3 Be6 10. O-O-O+ Ke8 11. Kb1 Rd8 12. Rxd8+ Kxd8 13. 
Be3 Kc7 14. Ne2 Bc4 15. Bf4+ Kc8 16. b3 Bxe2 17. Bxe2 e6 18. c3 Ba3 19. b4
Rd8 20. Kc2 Nh5 21. Be3 a5 22. Kb3 axb4 23. cxb4 Bxb4 24. Kxb4 Kc7 25. Ka5
Ra8+ 26. Kb4 Rxa2 27. Re1 e5 28. Kb3 Ra8 29. Bc4 f6 30. g3 g5 31. Rd1 Ng7 
32. Bc5 Rd8 33. Bb6+ 1-0

[Event "Winter Server Series, S91009"]
[Site "CCLA"]
[Date "2019.02.23"]
[Round "?"]
[White "Lartigue, Jonathan"]
[Black "Smiley, William R."]
[Result "1-0"]
[WhiteElo "1654"]
[BlackElo "1523"]

1. e4 e5 2. Nf3 Nc6 3. Bb5 a6 4. Ba4 b5 5. Bb3 Nf6 6. O-O d6 7. Ng5 d5 8. 
exd5 Nxd5 9. Nxf7 Kxf7 10. Qf3+ Ke6 11. Nc3 Ne7 12. d4 c6 13. Re1 Bb7 14. 
Rxe5+ Kd7 15. Nxd5 Nxd5 16. Qf7+ Be7 17. Bxd5 cxd5 18. Bg5 Re8 19. Rae1 
1-0

[Event "Winter Server Series, S91009"]
[Site "CCLA"]
[Date "2019.02.23"]
[Round "?"]
[White "Lartigue, Jonathan"]
[Black "Haines, John"]
[Result "1-0"]
[WhiteElo "1654"]
[BlackElo "1472"]

1. e4 c6 2. d4 d5 3. Nc3 dxe4 4. Nxe4 Bf5 5. Ng3 Bg6 6. h4 h6 7. Nf3 Nd7 
8. Bd3 Bxd3 9. Qxd3 Qc7 10. O-O Ngf6 11. Re1 e6 12. Ne4 Be7 13. Nxf6+ Nxf6
14. Ne5 O-O 15. Bf4 Bd6 16. c4 Rad8 17. Rad1 Qc8 18. Qf3 Bc7 19. Bxh6 Ne8 
20. Bg5 Bxe5 21. Bxd8 Bf6 22. Bxf6 Nxf6 23. h5 Qd8 24. Re3 Nh7 25. h6 Qg5 
26. hxg7 Qxg7 27. d5 cxd5 28. cxd5 Qxb2 29. dxe6 fxe6 30. Qg3+ Kh8 31. Rd7
Rg8 32. Rxh7+ Kxh7 33. Qh4+ Kg7 34. Qe7+ Kh6 35. Rh3+ 1-0

[Event "Winter Server Series, S91009"]
[Site "CCLA"]
[Date "2019.02.23"]
[Round "?"]
[White "Moujan, Pablo"]
[Black "McLaughlin, Ed"]
[Result "0-1"]
[WhiteElo "1417"]
[BlackElo "1629"]

1. c4 c5 2. g3 Nf6 3. Bg2 d5 4. cxd5 Nxd5 5. Nc3 Nxc3 6. bxc3 e5 7. e4 c4 
8. Nf3 Nc6 9. O-O Bg4 10. Qa4 Bxf3 11. Bxf3 Qd3 12. Bg2 Bc5 13. Kh1 O-O 
14. Qd1 Rad8 15. Bb2 Rd6 16. f4 Rh6 17. Rf3 Qxe4 18. Re3 Qg6 19. Be4 Qe6 
20. Re1 Rd8 21. f5 Qd7 22. Re2 Ne7 23. Qc2 Rf6 24. Rf1 g6 25. g4 gxf5 26. 
Bxf5 Nxf5 27. gxf5 Qc6+ 28. Rg2+ Kh8 29. Qd1 Qe4 30. Rf3 Rxf5 31. Rfg3 Rf2
32. d4 Rxg2 33. Rxg2 Rg8 34. Qg1 Bd6 35. dxe5 Bxe5 36. Bc1 Bxc3 37. Qf2 
Bd4 38. Bb2 c3 39. Bxc3 Bxc3 40. a4 Bd4 41. Qf1 b6 42. h3 Qxg2+ 43. Qxg2 
Rxg2 44. Kxg2 a6 0-1

[Event "Winter Server Series, S91009"]
[Site "CCLA"]
[Date "2019.02.23"]
[Round "?"]
[White "Moujan, Pablo"]
[Black "Smiley, William R."]
[Result "1-0"]
[WhiteElo "1417"]
[BlackElo "1523"]

1. c4 f5 2. g3 Nf6 3. Bg2 g6 4. Nc3 Bg7 5. d3 O-O 6. e4 fxe4 7. dxe4 e5 8.
 Nge2 d6 9. O-O Be6 10. Bg5 Bxc4 11. b3 Be6 12. Nd5 Bxd5 13. Bxf6 Qxf6 14.
 Qxd5+ Kh8 15. Qxb7 Nd7 16. Qxc7 Nc5 17. f4 Rfc8 18. Qa5 Qd8 19. Qxd8+ 
Rxd8 20. Rad1 Rab8 21. h4 h5 22. f5 1-0